[Event "XVII Orsha-2019 Open"]
[Site "Orsha"]
[Date "2019.01.20"]
[Round "4"]
[White "Krylov, Ivan"]
[Black "Zabotin, Alexander"]
[Result "1/2-1/2"]
[WhiteElo "2441"]
[BlackElo "2484"]
[Annotator "TA"]
[PlyCount "153"]
[EventDate "2019.01.18"]
[EventType "swiss"]
[EventCountry "BLR"]
[SourceTitle "playchess.com"]
[Source "ChessBase"]
[SourceQuality "1"]

{[%evp 17,153,27,22,-2,0,0,0,0,0,0,39,53,62,55,65,62,66,50,47,58,58,6,36,40,22,-18,-14,-80,-76,-69,-72,-70,-74,-90,-83,-97,-88,-95,-63,-124,-118,-107,-37,-48,-54,-50,-7,-7,-9,-26,174,141,319,314,325,323,314,296,283,179,189,191,192,185,192,159,152,143,131,91,188,168,205,202,206,31,19,21,35,20,14,0,0,0,0,0,0,0,0,0,0,0,0,0,0,0,0,0,0,0,0,0,0,0,0,0,0,0,0,0,0,0,0,0,0,0,0,0,0,0,0,0,0,0,0,0,0,0,0,0,0,0,0,0,0,0,0,0]} 1. Nf3 Nf6 2. g3 b6 3. Bg2 Bb7 4. O-O c5 5. c4 e6 6. Nc3 Be7 7. Re1 d5 8. cxd5 Nxd5 9. Nxd5 {A30: Symmetrical English: Double Fianchetto and Hedgehog} (9. d4 cxd4 10. Nxd5 Qxd5 11. Qxd4 O-O 12. Bf4 Qxd4 13. Nxd4 Bxg2 14. Kxg2 Rd8 15. Nb5 Nc6 16. Rac1 Nd4 17. Nxd4 Rxd4 {½-½ (79) Le,Q (2737)-Yu,Y (2751) Huaian 2017}) 9... Bxd5 {LiveBook: 12 Games} 10. d3 Bf6 $146 ({Predecessor:} 10... O-O 11. Bd2 Bb7 12. a3 Qd7 13. b4 Nc6 14. Qa4 Ne5 15. Qxd7 Nxd7 16. Ne5 Nxe5 17. Bxb7 {½-½ (35) Valdes,A-Maia,L (2307) Sao Paulo 2014}) 11. e4 Bb7 12. e5 Be7 13. Qa4+ Nd7 14. Qg4 Kf8 15. Bg5 Bxg5 16. Nxg5 Bxg2 17. Qf4 {[%csl Gg5][%cal Rf4f7]} Qe7 18. Kxg2 h6 19. Ne4 (19. Nf3 $14) 19... g5 20. Qe3 Nxe5 21. Nxc5 Ng6 $36 {[%mdl 2048] Black has good play.} 22. Qe4 (22. Ne4 $11 {remains equal.}) 22... Kg7 23. Nb3 Rad8 24. Rac1 {[%cal Ba1c1,Bc1c3,Bc3f3,Bf3f4][%mdl 32]} Rd7 25. Rc3 Rhd8 26. Rec1 Qf6 27. d4 a5 {Strongly threatening ...a4.} 28. Qc6 ({White should try} 28. Rf3 $15 Qe7 29. a4) 28... Rd6 29. Qb5 Ne7 ({Better is} 29... e5 $17 30. Rf3 Qe7) 30. Rf3 $1 $15 {[%cal Rf3f6]} Nf5 31. Rc7 Rd5 32. Qxb6 a4 33. Nc5 {Qxe6 is the strong threat.} R8d6 $2 {[#]} (33... Kg8 $11 {and Black has nothing to worry.}) 34. Qb7 $1 $18 g4 $2 (34... a3 $16) 35. Rf4 Rxd4 {[#]} 36. Ne4 $1 Rxe4 (36... Nh4+ $2 37. Kf1 $18) 37. Qxe4 (37. Rxe4 Nh4+ 38. Kf1 Rd1+ 39. Re1 Rxe1+ 40. Kxe1 Nf3+ 41. Kf1 a3 $11) 37... h5 38. Qb4 {aiming for Qxd6!} Qe5 39. Qc3 (39. Qxa4 Rd4 $11) 39... Qxc3 40. Rxc3 {[%mdl 4096] Endgame KRR-KRN} ({But not} 40. bxc3 Rd2 $16) 40... Rd2 41. h3 gxh3+ 42. Kxh3 Rxb2 43. Ra3 Kg6 (43... Nh6 $16 {keeps fighting.}) 44. Kg2 ({Resist} 44. Rfxa4 $6 Rxf2 45. g4 hxg4+ 46. Rxg4+ Kf6 $16) 44... e5 45. Rfxa4 Nh6 46. Rf3 $2 (46. Rb3 $18 Rc2 47. Kf1) 46... Ng4 $14 47. a3 f5 48. Ra6+ Kg5 {The position is equal.} 49. Ra8 e4 $1 {[%cal Re4f3]} 50. Rf4 e3 51. Ra5 exf2 {( -> ...Ne3+)} 52. Raxf5+ Kg6 {And now ...Ne3+ would win.} 53. Rxf2 (53. Kh1 {gets mated.} Rb1+ 54. Kg2 Rg1+ 55. Kh3 Rh1+ 56. Kg2 Rh2+ 57. Kf1 Ne3+ 58. Ke2 f1=Q+ 59. Kxe3 Qc1+ 60. Ke4 Qc4+ 61. Ke5 Re2+ 62. Re4 Rxe4+ 63. Kd6 Re6+ 64. Kd7 Qc6+ 65. Kd8 Re8#) (53. Rf3 {is interesting.} f1=Q+ 54. Kxf1 Nh2+ 55. Kg1 Nxf3+ 56. Rxf3 Kg5 57. a4) 53... Nxf2 54. Rxf2 $11 {KR-KR} Rb3 55. Rf3 Rb2+ 56. Kh3 Ra2 57. Rb3 Ra1 58. Kg2 Kf5 59. Rb5+ Kg4 60. Rb4+ Kg5 61. Ra4 Kf5 62. Rf4+ Kg5 63. a4 Ra2+ 64. Kh3 Ra1 65. Rb4 Rh1+ 66. Kg2 Ra1 67. Kh2 Kf5 68. Rd4 Kg5 69. Rf4 Ra2+ 70. Kh3 Ra1 71. Rc4 Rh1+ 72. Kg2 Ra1 73. Rf4 Ra2+ 74. Kh3 Ra1 75. Re4 Rh1+ 76. Kg2 Ra1 77. Rb4 {Accuracy: White = 52%, Black = 70%.} 1/2-1/2

[Event "XVII Orsha-2019 Open"]
[Site "Orsha"]
[Date "2019.01.20"]
[Round "4"]
[White "Grishchenko, Sergey"]
[Black "Fedorov, Alexei"]
[Result "0-1"]
[WhiteElo "2409"]
[BlackElo "2557"]
[Annotator "TA"]
[PlyCount "56"]
[EventDate "2019.01.18"]
[EventType "swiss"]
[EventCountry "BLR"]
[SourceTitle "playchess.com"]
[Source "ChessBase"]
[SourceQuality "1"]

{[%evp 12,56,44,48,41,16,41,-5,-5,-56,-62,-46,-44,-105,-100,-94,-93,-103,-110,-108,-88,-123,-102,-744,-718,-844,-841,-801,-802,-838,-689,-1067,-1064,-1308,-644,-1208,-550,-658,-522,-533,-528,-737,-737,-737,-722,-683,-679]} 1. d4 Nf6 2. c4 g6 3. Nc3 Bg7 4. e4 d6 5. Be2 O-O 6. Be3 c6 7. h4 {LiveBook: 5 Games. E73: King's Indian: Averbakh Variation without 6...c5} (7. Nf3 e5 8. dxe5 dxe5 9. O-O Qe7 10. h3 Na6 11. Qc2 Nh5 12. Rfd1 Nf4 13. Bf1 Nc5 14. b4 Nce6 15. c5 a5 16. b5 Qf6 17. bxc6 bxc6 18. Rd6 Nxh3+ {1-0 (40) Carlsen,M (2832)-Guseinov,G (2645) chess.com INT 2017}) 7... e5 8. h5 Qa5 $146 ({Predecessor:} 8... exd4 9. Bxd4 Qa5 10. h6 Bh8 11. Qd2 Nxe4 12. Nxe4 Qxd2+ 13. Kxd2 Bxd4 14. Nf3 Bxb2 {0-1 (28) Stavenhagen,J (1870)-Uhlmann,W (2475) Dresden 1999}) 9. hxg6 {White is slightly better.} fxg6 {[%cal Bf7g6,Bg6g5][%mdl 32]} 10. Rh4 {[#]} ({Better is} 10. Kf1 $11) 10... g5 $1 $15 {[%cal Rg5h4][%mdl 512]} 11. Rh1 (11. Bxg5 exd4) 11... Nxe4 $1 12. Bd3 (12. Nf3 $1 $15) 12... Bf5 $36 {[%mdl 2048] White is under strong pressure.} ({Much worse is} 12... Nxc3 $6 13. Bxh7+ Kf7 14. bxc3 $14) (12... exd4 $6 13. Bxe4 dxe3 14. Bxh7+ Kh8 15. Bg6+ Kg8 16. Bh7+ Kh8 17. Qh5 $11) 13. Bxe4 Bxe4 14. Qg4 Bf5 15. Qxg5 Na6 {[%cal Bb8a6,Ba6b4,Bb4c2][%mdl 32]} 16. Nge2 Nb4 {And now ...Nc2+ would win.} 17. Ng3 $2 {[%mdl 8192]} (17. Kf1 $17) 17... exd4 $19 {Black is clearly winning.} 18. Nh5 Nc2+ 19. Ke2 Rf7 20. Ne4 Qe5 21. Nef6+ Kh8 22. g4 Bxf6 (22... dxe3 $142 23. gxf5 exf2+ 24. Kxf2 Nxa1 25. Nxg7 Rxg7 26. Rxh7+ Rxh7 27. Nxh7 Qh2+ 28. Qg2 Qxh7) 23. Nxf6 Qxf6 (23... dxe3 $142 24. gxf5 Qxb2) 24. gxf5 {White threatens Rxh7+! and mate.} Qxg5 25. Bxg5 Nxa1 26. f6 Nc2 27. a3 Re8+ 28. Kd2 {[#]} d3 $1 {Precision: White = 18%, Black = 70%.} 0-1

[Event "XVII Orsha-2019 Open"]
[Site "Orsha"]
[Date "2019.01.20"]
[Round "4"]
[White "Mihajlovskij, Sergei"]
[Black "Bogacheva, Anna"]
[Result "1-0"]
[WhiteElo "2406"]
[BlackElo "1955"]
[Annotator "TA"]
[PlyCount "99"]
[EventDate "2019.01.18"]
[EventType "swiss"]
[EventCountry "BLR"]
[SourceTitle "playchess.com"]
[Source "ChessBase"]
[SourceQuality "1"]

{[%evp 9,99,41,43,42,64,46,44,47,42,39,70,38,47,49,105,104,95,85,111,51,56,12,5,10,13,0,47,61,54,50,43,50,57,57,57,55,55,48,37,43,54,58,45,13,31,25,63,56,43,47,96,93,106,94,188,182,188,182,202,204,194,176,189,170,1108,1075,1004,1087,1073,1035,981,1008,847,782,1181,932,1700,1216,29955,12295,29976,29977,29976,5021,4134,2481,2079,2458,29991,29992,29992,29984]} 1. d4 e6 2. e4 d5 3. Nc3 Bb4 4. Bd3 Bd7 (4... c5 5. exd5 Qxd5 6. Bd2 Bxc3 7. Bxc3 cxd4 8. Bxd4 Qxg2 9. Qf3 Qxf3 10. Nxf3 f6 11. Rg1 Kf7 12. O-O-O Nc6 13. Bc4 Nge7 14. Bc3 a6 15. Nd4 Nxd4 16. Bxd4 b5 {0-1 (37) Perunovic,M (2582)-Istratescu,A (2633) Deizisau 2012}) 5. exd5 exd5 6. Qf3 $146 {C15: French: 3 Nc3 Bb4: Unusual White 4th moves} ({Predecessor:} 6. a3 Bxc3+ 7. bxc3 Nf6 8. Ne2 O-O 9. O-O Re8 10. Bg5 Be6 11. Rb1 b6 12. Nf4 {1-0 (25) Jovanovic,Z (2518)-Pestek,E (2035) Sarajevo 2015}) 6... Qf6 7. a3 Bxc3+ 8. bxc3 {White is slightly better.} Qxf3 9. Nxf3 Ne7 10. Rb1 b6 11. Bf4 c6 (11... f6 $14) 12. Kd2 h6 13. Rhe1 Be6 14. Ne5 (14. Be5 $16) 14... Nd7 $14 15. h3 Nxe5 16. Bxe5 Kd7 17. g4 h5 18. Bxg7 Rhg8 19. Bf6 hxg4 20. h4 g3 21. f4 g2 $1 22. Bxe7 Kxe7 23. f5 g1=Q 24. Rxg1 Rxg1 25. Rxg1 {[%mdl 4096] Endgame KRB-KRB} Bd7 26. h5 Rh8 27. Rh1 Rh6 28. Ke3 Kf6 29. Kf4 c5 30. dxc5 bxc5 31. c4 Bc6 (31... dxc4 $16 32. Be4 (32. Bxc4 Bxf5 33. Be2 Rh8 $14) 32... c3) 32. cxd5 $18 Bxd5 33. Be4 Bxe4 34. Kxe4 {KR-KR} c4 35. c3 Kg5 36. Ke5 {[#] aiming for Rg1+.} Rxh5 $2 (36... Kg4 37. Rg1+ Kf3) 37. Rg1+ Kh6 38. Kf6 Rh3 39. Rg4 Kh5 40. Rxc4 Rf3 41. a4 {[%cal Ba3a4,Ba4a5][%mdl 32]} a6 42. a5 Rd3 43. Kxf7 Rd5 44. f6 {[%cal Bf5f6,Bf6f7][%mdl 32]} Rxa5 45. Ke6 Ra1 46. Rf4 (46. f7 $142 Rf1 47. Rc8 Re1+ 48. Kd5 Rd1+ 49. Kc6 Rf1 50. f8=Q Rxf8 51. Rxf8) 46... Re1+ 47. Kd7 {[#] White threatens f7 and mate.} Rd1+ 48. Kc7 {White wants to mate with f7.} Rc1 49. f7 Rxc3+ 50. Kb6 {Precision: White = 72%, Black = 37%.} 1-0

[Event "XVII Orsha-2019 Open"]
[Site "Orsha"]
[Date "2019.01.20"]
[Round "4"]
[White "Vorobjov, Pavel"]
[Black "Silich, Yahor"]
[Result "1/2-1/2"]
[WhiteElo "2296"]
[BlackElo "2116"]
[Annotator "TA"]
[PlyCount "92"]
[EventDate "2019.01.18"]
[EventType "swiss"]
[EventCountry "BLR"]
[SourceTitle "playchess.com"]
[Source "ChessBase"]
[SourceQuality "1"]

{[%evp 22,92,36,32,56,23,29,10,18,25,21,-48,-44,-37,-42,-41,-42,-49,-43,-34,-25,-89,-105,-133,-130,-152,-145,-137,-143,-257,-249,-239,-197,-188,-174,-166,-97,-138,-143,-236,-238,-274,-262,-360,-352,-535,-169,-194,-120,-247,-158,-177,-146,-858,-116,-556,-547,-528,-537,-565,-418,-800,-739,-959,-217,-223,0,-941,-900,-940,-935,-883,-602]} 1. d4 Nf6 2. c4 d6 3. Nc3 Nbd7 4. e4 e5 5. Nf3 g6 6. Be2 Bg7 7. O-O O-O 8. Be3 Ng4 {[%cal Bf6g4,Bg4h6,Bh6f7][%mdl 32]} 9. Bg5 f6 10. Bh4 g5 11. Bg3 Nh6 {E94: King's Indian: Classical: 6 Be2 e5 7 0-0: Various Black 7th moves} 12. dxe5 {LiveBook: 5 Games} (12. Qd2 Nf7 13. h3 h5 14. Rad1 Re8 15. Rfe1 f5 16. dxe5 f4 17. e6 Rxe6 18. Bh2 c5 19. h4 {1-0 (41) Can,E (2588)-Kobese,W (2344) Batumi 2018}) 12... dxe5 13. b4 a5 $146 {White has an edge.} ({Predecessor:} 13... Kh8 14. c5 a5 15. Qa4 c6 16. Rac1 Qe7 17. Nd2 f5 18. exf5 Nxf5 19. Nce4 {½-½ (90) Loiseau,Q (2406)-Le Corre,B (2300) Haguenau 2013}) 14. a3 axb4 15. axb4 Rxa1 16. Qd5+ (16. Qxa1 $11 f5 17. h3) 16... Nf7 $1 $15 17. Rxa1 f5 $1 {[%cal Bf6f5,Bf5f4][%mdl 32] And now ...f4 would win.} 18. h3 f4 19. Bh2 c6 20. Qa5 Qe7 21. Nd2 (21. c5 $11) 21... Nf6 $17 22. f3 h5 23. Qc5 Qe6 24. Kf1 g4 25. h4 (25. hxg4 $17 {keeps fighting.} hxg4 26. Bg1) 25... Rd8 $19 26. Rd1 Kh8 27. Bg1 Rg8 28. Qb6 Bh6 (28... gxf3 $19 29. Nxf3 Bh6) 29. b5 gxf3 30. Nxf3 {[#]} (30. Bxf3 $17 {was necessary.} Ng4 31. bxc6 bxc6 32. Ke1) 30... Rxg2 $3 {[%mdl 512]} 31. bxc6 (31. Kxg2 Qh3+) 31... bxc6 {Hoping for ...Qh3.} 32. Ke1 Bf8 33. Ra1 (33. Bf1 $142 Rg3 34. Rd3) 33... Rg8 $2 (33... Qh3 34. Ra8 Kg7) 34. Ra7 Bd7 ({Black should try} 34... Rg3 $19 {Threatens to win with ...Rxf3!} 35. Qa5 Be7) 35. Kd1 (35. Bc5 $17 {was worth a try.}) 35... Qd6+ 36. Kc2 Rg2 $1 37. Ne1 $2 {[%mdl 8192] [#]} (37. Bf2 $17) 37... Rg3 $2 (37... Nxe4 $1 $19 {[%mdl 512] has better winning chances. ( -> ...Qd2+)} 38. Nd3 (38. Nxe4 Rxe2+) 38... f3 39. Nxe4 Rxe2+ 40. Kc3 Rxe4) 38. Bf2 $2 {[%mdl 8192] [#]} (38. Nf3 $17) 38... Rxc3+ $1 {[%mdl 512]} 39. Kxc3 Nxe4+ 40. Kb3 Nxf2 41. Bxh5 (41. Rxd7 $142 Qxd7 42. Qxf2) 41... Nd3 42. Nc2 Nc1+ $2 (42... Nc5+ 43. Ka2 {[#]} f3 $1 {[%mdl 512]}) 43. Kb2 Nd3+ $2 (43... Qd2 44. Rxd7 Qxd7 45. Kxc1 Nd6) 44. Kb3 $1 Nc5+ {Black is clearly winning.} 45. Kb2 e4 46. Bxf7 Bg7+ {[%mdl 32768] Precision: White = 28%, Black = 44%. . An unexpected result.} 1/2-1/2

[Event "XVII Orsha-2019 Open"]
[Site "Orsha"]
[Date "2019.01.20"]
[Round "4"]
[White "Aliakbarov, Anar"]
[Black "Pogosian, Georgy"]
[Result "1-0"]
[WhiteElo "2282"]
[BlackElo "2090"]
[Annotator "NA RC"]
[PlyCount "57"]
[EventDate "2019.01.18"]
[EventType "swiss"]
[EventCountry "BLR"]
[SourceTitle "playchess.com"]
[Source "ChessBase"]
[SourceQuality "1"]
[TimeControl "5400+30"]

1. d4 {[%emt 0:00:00]} Nf6 {[%emt 0:00:00]} 2. c4 {[%emt 0:00:00]} g6 {[%emt 0:00:14]} 3. Nc3 {[%emt 0:00:14]} d5 {[%emt 0:00:45]} 4. Nf3 {[%emt 0:00:46]} Bg7 {[%emt 0:00:13]} 5. Qb3 {[%emt 0:01:05]} dxc4 {[%emt 0:02:02]} 6. Qxc4 {[%emt 0:00:08]} O-O {[%emt 0:00:17]} 7. e4 {[%emt 0:00:21]} c6 {[%emt 0:02:50]} 8. Qb3 {[%emt 0:01:21]} b5 {[%emt 0:14:36] LiveBook: 4 Games D97: Grünfeld: Russian System: 7 e4, replies other than 7...Bg4} (8... e5 9. dxe5 Ng4 10. Be2 Nxe5 11. Nxe5 Bxe5 12. O-O Qe7 13. Be3 Be6 14. Qc2 Nd7 15. Rad1 Nf6 16. h3 Rfd8 17. Rxd8+ Rxd8 18. Bxa7 {½-½ (28) Radjabov,T (2735)-Mamedyarov,S (2760) Wijk aan Zee 2008}) 9. e5 {[%emt 0:02:37]} Be6 {[%emt 0:07:29]} 10. exf6 {[%emt 0:01:29]} Bxb3 {[%emt 0:00:33]} 11. fxg7 {[%emt 0:00:07]} Kxg7 {[%emt 0:04:04]} 12. axb3 {[%emt 0:00:06]} Qd7 $146 {[%emt 0:00:45]} 13. Be3 {[%emt 0:11:16]} Qe6 {[%emt 0:12:28]} 14. Be2 {[%emt 0:18:50]} (14. d5 $5 cxd5 15. Bxb5 $14) 14... Qxb3 {[%emt 0:01:37]} 15. Rb1 {[%emt 0:00:03]} Nd7 {[%emt 0:15:49]} 16. h4 $15 {[%emt 0:02:39]} f6 {[%emt 0:14:16]} 17. O-O {[%emt 0:04:47]} f5 {[%emt 0:10:06]} 18. Bf4 {[%emt 0:01:27]} h6 {[%emt 0:04:01]} 19. Rfe1 {[%emt 0:00:30]} Rfe8 {[%emt 0:01:51]} 20. d5 {[%emt 0:13:18]} cxd5 {[%emt 0:02:14]} 21. Nd4 {[%emt 0:06:09]} Qb4 {[%emt 0:00:22]} 22. Ne6+ {[%emt 0:00:07]} Kf7 {[%emt 0:02:36]} 23. Nxd5 {[%emt 0:03:58]} Qb3 {[%emt 0:01:09]} 24. Ndc7 {[%emt 0:00:20]} Rec8 {[%emt 0:00:38]} 25. Nxa8 {[%emt 0:00:40]} Rxa8 {[%emt 0:00:46]} 26. Bf3 {[%emt 0:03:07]} Rc8 {[%emt 0:00:15]} 27. Bxh6 {[%emt 0:01:24]} Nc5 {[%emt 0:00:58]} 28. Rbc1 {[%emt 0:05:17]} Qb4 {[%emt 0:00:18]} 29. Bd5 {[%emt 0:01:13]} 1-0

[Event "XVII Orsha-2019 Open"]
[Site "Orsha"]
[Date "2019.01.20"]
[Round "4"]
[White "Cherepov, Alexej"]
[Black "Dmitriev, Nikolay"]
[Result "1-0"]
[WhiteElo "2226"]
[BlackElo "1923"]
[Annotator "TA"]
[PlyCount "111"]
[EventDate "2019.01.18"]
[EventType "swiss"]
[EventCountry "BLR"]
[SourceTitle "playchess.com"]
[Source "ChessBase"]
[SourceQuality "1"]

{[%evp 9,111,-3,26,29,24,25,68,61,91,82,92,95,91,84,85,84,91,91,91,92,97,95,95,72,84,72,79,76,84,46,46,40,66,69,92,55,42,47,50,51,58,24,146,147,154,154,154,154,147,139,154,131,154,154,153,153,150,150,154,128,151,149,139,153,340,341,348,348,524,543,535,541,491,283,281,281,277,267,278,272,288,294,348,337,411,385,641,635,533,630,630,610,662,595,571,551,2258,1906,2275,2131,2223,1729,1268,1175]} 1. d4 d5 2. Bg5 Nf6 3. Bxf6 exf6 4. e3 Bf5 5. Ne2 Bb4+ (5... Bd6 6. Nd2 O-O 7. c4 dxc4 8. Nxc4 Re8 9. Rc1 Nc6 10. Nc3 Bb4 11. Be2 Qd5 12. O-O Bxc3 13. bxc3 {1-0 (36) Moufang,R (2288)-Trassl,F (2099) Bayern 2015}) 6. c3 $146 {D00: 1 d4 d5: Unusual lines} ({You set blue moves yourself with the critical opening position annotation.:} 6. Nd2 c6 7. Ng3 Be6 8. Bd3 O-O 9. c3 Bd6 10. Qc2 g6 11. O-O-O f5 12. Ne2 Nd7 13. Nf4 {1-0 (33) Hauke,C-Faust,H Bad Ragaz 1992}) 6... Bd6 7. Qb3 c6 8. Qxb7 {White is slightly better.} Qb6 9. Qxb6 (9. Qxa8 $2 {perishes.} Qxb2 10. g4 Bd3 $19) 9... axb6 10. a3 b5 11. Ng3 Bg6 12. Kd2 Nd7 {[%cal Bb8d7,Bd7b6,Bb6c4][%mdl 32]} 13. Bd3 Nb6 14. Kc2 Kd7 15. Nd2 Nc4 16. Rhb1 Kc7 17. Ngf1 Bxd3+ 18. Kxd3 f5 19. Nxc4 (19. Kc2 {NOTEXT-195} g6 20. Rd1 f6 21. Re1 Rhe8 22. h3) 19... bxc4+ 20. Kc2 Rhe8 21. g3 g5 22. b3 cxb3+ $1 23. Rxb3 Ra4 24. Nd2 Rea8 25. Rab1 {Black must now prevent &Vb7.} R8a7 {[#]} (25... Kd7 $11) 26. Rb8 $1 $16 Rxa3 27. Rh8 Kd7 28. Rxh7 Ke6 29. h4 f6 30. Rh8 Ra8 31. Rh6 {Hoping for hg5.} Bf8 32. Rh5 gxh4 33. Rxh4 R3a7 34. Rb6 Rc7 35. Rh1 Bd6 36. Rhb1 c5 $2 {[#]} (36... Ra2+ $16 37. Kd3 Ra3) 37. dxc5 $18 Rxc5 38. Nb3 Rc7 (38... Ra2+ $142 39. Kd3 Rc4 40. Nd4+ Kd7) 39. Nd4+ Kd7 40. Nb5 Rc6 41. Rxc6 ({Not} 41. Nxd6 Kxd6 42. Rxc6+ Kxc6 $16) (41. Rb7+ $142 Rc7 42. Nxc7 Bxc7 43. R1b6) 41... Kxc6 {[%mdl 4096] General book An&V&L-An&V&W} 42. Nd4+ Kc7 43. Nxf5 Ra2+ 44. Rb2 Ra1 45. Kd3 Rd1+ 46. Rd2 Ra1 47. Ke2 Be5 $2 (47... Kc6 48. c4 Bb4 49. cxd5+ Kc5) 48. f4 {White is clearly winning.} Bd6 49. Nxd6 Kxd6 {An&V-An&V} 50. c4 Rg1 51. Kf2 Rc1 52. Rxd5+ Kc6 53. Rf5 Rxc4 54. Rxf6+ Kd5 55. Kf3 Rc1 56. e4+ {NOTEXT-4805: Tournament = 75%, Annotator = 43%.} 1-0

[Event "XVII Orsha-2019 Open"]
[Site "Orsha"]
[Date "2019.01.20"]
[Round "4"]
[White "Navumenka, Mikhei"]
[Black "Lazavik, Denis"]
[Result "0-1"]
[WhiteElo "2104"]
[BlackElo "2296"]
[Annotator "TA"]
[PlyCount "130"]
[EventDate "2019.01.18"]
[EventType "swiss"]
[EventCountry "BLR"]
[SourceTitle "playchess.com"]
[Source "ChessBase"]
[SourceQuality "1"]

{[%evp 23,130,-6,-15,0,3,-41,-51,-94,-93,-76,-23,-93,-69,-308,-313,-310,-313,-296,-310,-320,-306,-310,-280,-313,-309,-333,-326,-327,-313,-346,-346,-376,-372,-395,-396,-447,-414,-467,-463,-454,-438,-518,-503,-474,-411,-400,-306,-334,-313,-305,-320,-316,-254,-400,-392,-389,-260,-261,-254,-381,-367,-531,-531,-524,-520,-499,-497,-480,-463,-429,-397,-367,-352,-618,-352,-618,-611,-597,-325,-589,-560,-653,-572,-547,-412,-1471,-1197,-2618,-2613,-29978,-3387,-29978,-29979,-29978,-29979,-29980,-29981,-29981,-29981,-29979,-29980,-29980,-29981,-29981,-29981,-29981,-29981,-29981,-29981]} 1. c4 c6 2. e4 d5 3. exd5 cxd5 4. d4 Nf6 5. Nc3 e6 6. Nf3 Bb4 7. Bd2 O-O 8. Bd3 dxc4 9. Bxc4 b6 10. O-O Bb7 11. Bg5 Bxc3 12. bxc3 Nbd7 {LiveBook: 6 Games. E43: Nimzo-Indian: Rubinstein: 4...b6} 13. Rc1 $146 ({Predecessor:} 13. Bd3 Qc7 14. c4 Rfe8 15. Re1 h6 16. Bh4 Rac8 17. Rc1 Nh5 18. Bf1 Qf4 19. d5 exd5 20. Rxe8+ Rxe8 21. cxd5 Nhf6 22. Rc4 Qd6 23. a4 Qxd5 24. Rd4 {0-1 (24) Olaizola Ortega,L (2208)-Ninov,N (2513) San Sebastian 2006}) 13... Qc7 14. Bd3 Ng4 {[%cal Bf6g4,Bg4h2,Bh2f3][%mdl 32] Black is slightly better.} 15. Re1 Bxf3 $1 16. Qxf3 Qxh2+ 17. Kf1 {[#]} Qh5 $1 $36 {[%mdl 2048] Black is more active.} 18. Qh3 $2 {[#]} (18. Bf4 $1 $15) 18... Nh2+ $1 $19 19. Kg1 Qxh3 {[%mdl 64] Overworked Piece} 20. gxh3 Nf3+ {[%mdl 64] Double Attack} 21. Kg2 Nxe1+ ({Weaker is} 21... Nxg5 22. h4 $17) 22. Rxe1 Rac8 23. Rc1 Nf6 24. Ba6 Ne4 25. Bxc8 Rxc8 {[%mdl 4096] Endgame KRB-KRN} 26. Bf4 Rxc3 27. Re1 Nf6 28. Re2 Nd5 29. Bg3 Kf8 30. a4 Rc4 31. a5 bxa5 {[%cal Bb6a5,Ba5a4][%mdl 32]} 32. Ra2 a4 33. Rb2 Nb6 34. Bb8 a3 35. Bd6+ Ke8 36. Bxa3 Rxd4 37. Bc5 Rd7 38. Bxb6 (38. Kg3 {might work better.}) 38... axb6 39. Rxb6 {KR-KR} Ke7 40. Rb4 Kf6 41. Rf4+ (41. Kg3 $142) 41... Ke5 42. Rg4 (42. Rh4 {was necessary.} h6 43. Rb4) 42... f5 43. Rh4 g6 {[%cal Bg7g6,Bg6g5,Bg5g4][%mdl 32]} 44. Ra4 Kf6 45. Ra6 Kf7 46. Ra5 h6 {[%cal Bh7h6,Bh6h5][%mdl 32]} 47. Rb5 g5 48. Rb6 $2 (48. Rb8) 48... Kf6 49. Ra6 $2 (49. Rb8) 49... h5 50. Ra8 Rh7 51. Rf8+ $2 (51. Kg3) 51... Ke5 52. Rg8 g4 53. Rg6 Kd5 54. h4 (54. Rf6 $142) 54... e5 55. Ra6 f4 56. Rg6 Ke4 (56... f3+ $142 57. Kh2 Ra7 58. Rb6 Ra2 59. Rb5+ Ke4 60. Kg3 Ra1 61. Rb4+ Kf5 62. Kh2 Rf1 63. Rf4+ Ke6 64. Rf8 Rxf2+ 65. Kg1 Rg2+ 66. Kh1 Re2 67. Kg1 e4 68. Rb8 g3 69. Rb1 e3 70. Ra1 Kf5 71. Rc1 Kg4 72. Rb1 Kh3 73. Rf1 f2+ 74. Rxf2 gxf2+ 75. Kh1 f1=Q#) 57. Rf6 Ra7 {Black mates.} 58. Rb6 Ra2 59. Rb4+ Kf5 60. Kg1 g3 61. f3 Rh2 62. Rb8 Rxh4 63. Rf8+ Ke6 64. Re8+ Kf6 65. Rf8+ Ke7 {Accuracy: White = 34%, Black = 67%.} 0-1

[Event "XVII Orsha-2019 Open"]
[Site "Orsha"]
[Date "2019.01.20"]
[Round "4"]
[White "Gabdrakipov, Ilshat"]
[Black "Afonasieva, Anna"]
[Result "0-1"]
[WhiteElo "2098"]
[BlackElo "2265"]
[Annotator "TA"]
[PlyCount "72"]
[EventDate "2019.01.18"]
[EventType "swiss"]
[EventCountry "BLR"]
[SourceTitle "playchess.com"]
[Source "ChessBase"]
[SourceQuality "1"]

{[%evp 21,72,16,29,10,27,2,6,-12,0,-75,-68,-62,-69,-72,-50,-141,-139,-202,-193,-192,-191,-184,-174,-179,-175,-254,-160,-214,-200,-182,-142,-389,-381,-1258,-1237,-1071,-1073,-29992,-2207,-2204,-290,-2134,-2085,-5018,-5018,-29975,-29972,-11217,-11784,-29976,-29977,-29998,-29999]} 1. e4 c6 2. d4 d5 3. Nd2 dxe4 4. Nxe4 Bf5 5. Ng3 Bg6 6. Nf3 Nd7 7. Bd3 e6 8. O-O Ngf6 9. Re1 Be7 10. c4 O-O 11. Bxg6 hxg6 {LiveBook: 25 Games} 12. b3 {B18: Classical Caro-Kann: 4...Bf5 sidelines} a5 13. Qe2 $146 ({Predecessor:} 13. Bb2 a4 14. Qc2 Bb4 15. Re2 Qb6 16. Rd1 axb3 17. axb3 Rfd8 18. h4 Qa5 19. Ng5 Bd6 {0-1 (42) Sigurjonsson,G (2490)-Vadasz,L (2490) Esbjerg 1979}) 13... a4 14. Be3 {The position is equal.} Qa5 15. h3 (15. Bd2 $11 Bb4 16. Bxb4 Qxb4 17. Rab1) 15... axb3 $17 16. axb3 Qxa1 17. Rxa1 Rxa1+ 18. Kh2 ({White should play} 18. Nf1 $15) 18... Bd6 19. Ne5 (19. Ng5 $17 {is a better defense.}) 19... Nxe5 $19 20. dxe5 Bxe5 21. Bc5 Bxg3+ $1 22. Kxg3 Rd8 23. Be7 (23. Kf3 $142) 23... Rdd1 24. Qe5 Nh5+ 25. Kf3 Ra2 {[#] ...Rd3+ is the strong threat.} 26. Qb8+ $2 (26. g4 $17 Nf6 27. Bxf6 gxf6 28. Qxf6) 26... Kh7 27. Qxb7 $2 (27. Bc5 Rd3+ {[%mdl 64] Double Attack} 28. Be3) 27... Rd3+ 28. Ke4 Rad2 {( -> ...f5+)} 29. Bg5 f5+ (29... Ng3+ $142 30. Kf4 Rxf2+ {[%mdl 64] Double Attack} 31. Kg4 Ne2 32. Qxf7 Rxg2+ 33. Kh4 Rd4+ 34. Bf4 Rxf4+ 35. Qxf4 Nxf4 36. c5 g5#) 30. Ke5 {[#]} Re2+ $1 (30... Rxf2 31. Kxe6 Rxg2 32. Be7 $11) 31. Be3 f4 32. Ke4 fxe3 33. Kxd3 Nf4+ {[%mdl 64] Double Attack} 34. Kd4 exf2 35. Qxc6 f1=Q 36. b4 Qf2+ {Accuracy: White = 22%, Black = 79%.} 0-1